Historic dates click quiz - Statistics

General Stats
  • This quiz has been taken 102 times
  • The average score is 15 of 25
Answer Stats
Hint Answer % Correct
Jesus is born 4 BC
91%
Declaration of American independence 1776 AD
87%
Donald Trump is elected as president 2016 AD
85%
Slavery is abolished in the USA 1863 AD
80%
Margaret Thatcher elected as first British female prime minister 1979 AD
80%
Russian revolution occurs 1917 AD
78%
Spanish Armada defeated 1588 AD
76%
Battle of Waterloo 1815 AD
76%
Gulf war breaks out 1991 AD
71%
Hong Kong returns to China 1997 AD
69%
Beginning of Spanish civil war 1936 AD
67%
Route to India discovered by Vasco de Gama 1498 AD
64%
South Africa emerges from apartheid 1994 AD
62%
George Floyd death causes protests 2020 AD
62%
Construction of the Great Wall of China begins 214 BC
62%
Mount Everest climbed for the first time 1953 AD
60%
Foundation of Rome 753 BC
60%
England faces the Black Death plague 1348 AD
58%
First artificial satellite launched 1957 AD
47%
A major fire engulfs Notre Dame 2019 AD
44%
The Burj Khalifa becomes the tallest structure 2010 AD
33%
Minecraft Released 2011 AD
29%
Volcanic eruption in Tonga 2022 AD
25%
Space shuttle Columbia disintegrates 2003 AD
18%
North Korea conducts nuclear testing 2006 AD
16%
No matching quizzes found
Score Distribution
Percent of People with Each Score
Percentile by Number Answered
Your Score History
You have not taken this quiz